Boxing Light Heavyweight Champions by Picture - Statistics

General Stats
  • This quiz has been taken 83 times
  • The average score is 27 of 99
Answer Stats
Picture Hint Answer % Correct
2019 Canelo Álvarez
91%
1997-2004 Roy Jones Jr.
84%
2018-2019 Eleider Álvarez
82%
1987 | 1991-1992 Thomas Hearns
82%
1988-1989 Sugar Ray Leonard
77%
2011-2012 | 2013-2014 Bernard Hopkins
75%
2017-Present Dmitry Bivol
74%
2016-2017 Andre Ward
70%
1981-1986 Michael Spinks
68%
2017-Present Artur Beterbiev
67%
1952-1960 | 1960-1962 Archie Moore
60%
2003 | 2004 | 2008 Antonio Tarver
56%
2021-2022 Joe Smith Jr.
56%
2013-2016 | 2019 Sergey Kovalev
56%
1988-1990 Michael Moorer
51%
1992 Iran Barkley
49%
2004 Glen Johnson
47%
1961-1962 | 1962-1963 Harold Johnson
47%
1978-1979 | 1979-1980 | 1986-1987 Marvin Johnson
47%
1998-1999 Reggie Johnson
47%
1968-1974 Bob Foster
46%
1994-1995 Mike McCallum
46%
1903-1905 Bob Fitzsimmons
44%
1987-1988 Donny Lalonde
44%
2013-2018 Adonis Stevenson
42%
1913 Bob Moha
42%
1981-1983 Dwight Muhammad Qawi
42%
1974-1977 John Conteh
42%
1979-1981 Matthew Saad Muhammad
42%
1980-1981 Eddie Mustafa Muhammad
40%
1966-1968 Dick Tiger
39%
1987-1991 | 1992-1997 Virgil Hill
39%
2009-2011 Jean Pascal
37%
1986-1987 Bobby Czyz
30%
1986-1987 | 1989 | 1990-1991 Dennis Andries
30%
1978-1979 Mike Rossman
30%
1974-1978 | 1979 Víctor Galíndez
28%
1920-1922 Georges Carpentier
26%
1950-1952 Joey Maxim
26%
1965-1966 José Torres
25%
1939-1940 Billy Conn
23%
2005-2008 Clinton Woods
23%
1942-1946 | 1948-1950 Freddie Mills
23%
2011-2013 | 2016-2017 Nathan Cleverly
23%
2007-2009 | 2012-2013 Chad Dawson
21%
1997 Montell Griffin
21%
2007-2008 Danny Green
19%
1994-2003 Dariusz Michalczewski
19%
1995-1997 | 2004-2006 Fabrice Tiozzo
19%
1989-1990 | 1991-1994 Jeff Harding
19%
1987-1993 Charles Williams
18%
1993-1996 Henry Maske
18%
2018-2019 Oleksandr Gvozdyk
18%
1922-1923 Battling Siki
16%
1935-1938 John Henry Lewis
16%
2003-2004 Julio César González
16%
1963-1965 Willie Pastrano
16%
2010-2014 Beibut Shumenov
14%
1998-2000 Graciano Rocchigiani
14%
1985-1986 J. B. Williamson
14%
2009-2011 | 2013-2016 Jürgen Brähmer
14%
1991-1994 Leeonzer Barber
14%
1997-1998 Lou Del Valle
14%
1985-1986 Slobodan Kačar
14%
2009-2013 Tavoris Cloud
14%
2005-2007 Tomasz Adamek
14%
2004-2009 Zsolt Erdei
14%
1978 Mate Parlov
12%
2003-2004 | 2006-2007 Silvio Branco
12%
2009-2010 Gabriel Campillo
11%
1930-1933 | 1933-1934 Maxie Rosenbloom
11%
2007 Stipe Drews
11%
1927 | 1930 Jimmy Slattery
9%
1987 Leslie Stewart
9%
1923-1925 Mike McTigue
9%
1927-1929 Tommy Loughran
9%
2008-2009 Adrian Diaconu
7%
2001-2003 Bruno Girard
7%
1903 George Gardiner
7%
1941 | 1946-1948 Gus Lesnevich
7%
1926-1927 Jack Delaney
7%
1903 Jack Root
7%
2003 Mehdi Sahnoune
7%
1977-1978 Miguel Ángel Cuello
7%
1925-1926 Paul Berlenbach
7%
1905 Philadelphia Jack O'Brien
7%
1938-1939 Tiger Jack Fox
7%
1971-1972 Vicente Rondón
7%
1997-1998 William Guthrie
7%
1941 Anton Christoforidis
5%
1916-1920 Battling Levinsky
5%
1933 Bob Godwin
5%
1934-1935 Bob Olin
5%
2008-2009 Hugo Garay
5%
1933 Joe Knight
5%
1939-1942 Len Harvey
5%
1939 Melio Bettina
5%
1932 George Nichols
4%
1914-1916 Jack Dillon
4%
No matching quizzes found
Score Distribution
Percent of People with Each Score
Percentile by Number Answered
Your Score History
You have not taken this quiz